000 00562nam a2200157 i 4500
001 142635
003 ES-MaACL
005 20230906200559.0
007 t|
008 071009s1908 fr ||||1| fre d
100 1 _aViallate, Achille.
_9114274
245 1 3 _aLa crise anglaise
_b: le mouvement imperialiste, l'evolution economique et financiere, la plus-grande Bretagne et la federation britanique /
_cAchille Viallate.
260 _a[S.l. :
_bs.n.],
_c1908 (
_eFontenay-aux-Roses :
_fBellemand)
300 _aXI, 329 p. ;
_c18 cm.
852 _aES-MaACL
_jD-1994
999 _c142635
_d142635